000 01018nam a2200253 i 4500
001 bg
245 0 0 _aElektrotechnika - prądy niesinusoidalne :
_bVI Szkoła - konferencja EPN'2002 : materiały konferencyjne /
_c[kol. red. Ferdynand Romankiewicz (przewodn.) et al.] ; Uniwersytet Zielonogórski. Instytut Inżynierii Elektrycznej [et al.].
260 _aZielona Góra :
_bRedakcja Wydawnictw Naukowo-Technicznych UZ,
_c2002.
300 _a300 s. :
_bil. ;
_c24 cm +
_eSuplement (8 s. : il.).
500 _aTekst częśc. ang. Streszcz. ang., pol. przy ref.
504 _aBibliogr. przy ref.
650 9 _aElektrotechnika
650 9 _aPrądy stałe
655 _aMateriały konferencyjne
700 1 _aROMANKIEWICZ, Ferdynand.
_eRed.
710 0 _aUniwersytet Zielonogórski
_bInstytut Inżynierii Elektrycznej
020 _a8389044501
040 _cBPK
041 0 _apoleng
_bengpol
080 _a621.3:537.3](061)
920 _a83-89044-50-1
942 _cKS
008 s pl f |000 0 pol
999 _c42648
_d42648